=LDR 00000nam 2200000 4500 =001 INLIS000000000006071 =005 20200326124352 =035 ##$$a 0010-061300000006071 =008 200326################g##########0#ind## =041 ##$$a Ind =082 ##$$a 297.4 =090 ##$$a 297.4, Ism p =100 ##$$a Ismuha, H =245 1#$$a Pencaharian bersama suami isteri di Indonesia, (adat gono-gini ditinjau dari sudut hukum Islam, /$c Drs. H. Ismuha =260 ##$$a Jakarta :$b Bulan Bintang,$c 1978 =300 ##$$a 199 hlm., ; $c 14 x 21 cm =650 #4$$a Islam - Hukum Waris =850 ##$$a NBPNMAT =084 ##$$a 297.4 ISM p =250 ##$$a cet.2 =990 ##$$a DW00023012 =990 ##$$a DW00023019 =990 ##$$a DW00023020